00301nam a2200133Ia 4500008004100000041000800041082001400049100002000063245002600083250000800109260001900117542001500136650001600151220531s9999 xx 000 0 und d aeng bADV / KAR aKarnavat, C. R. aAdvanced Accountancy. a1ST bNarendrac1991 d31-03-1991 aAccountancy